Essentials of Management (Record no. 5347)

MARC details
000 -LEADER
fixed length control field 00338nam a2200145Ia 4500
008 - FIXED-LENGTH DATA ELEMENTS--GENERAL INFORMATION
fixed length control field 191201s2011 xx 000 0 und d
082 ## - DEWEY DECIMAL CLASSIFICATION NUMBER
Classification number 658
Item number KOE
100 ## - MAIN ENTRY--PERSONAL NAME
Personal name KOONTZ, Harold
245 #0 - TITLE STATEMENT
Title Essentials of Management
250 ## - EDITION STATEMENT
Edition statement Print
260 ## - PUBLICATION, DISTRIBUTION, ETC. (IMPRINT)
Place of publication, distribution, etc N.Delhi
Name of publisher, distributor, etc Tata mc Graw Hill
Date of publication, distribution, etc 2011
300 ## - PHYSICAL DESCRIPTION
Extent 500
650 ## - SUBJECT ADDED ENTRY--TOPICAL TERM
Topical term or geographic name as entry element MBA
942 ## - ADDED ENTRY ELEMENTS (KOHA)
Source of classification or shelving scheme Dewey Decimal Classification
Koha item type Text Books
Holdings
Withdrawn status Lost status Source of classification or shelving scheme Damaged status Not for loan Collection code Home library Current library Date acquired Source of acquisition Cost, normal purchase price Bill Number Total Checkouts Full call number Acc. no. / Barcode Date last seen Bill Date Koha item type Currency Actual Cost, discounted price
    Dewey Decimal Classification     MBA PIET C-LIBRARY PIET C-LIBRARY 11/07/2012 IBH, New Delhi 375.00 4894   658 KOE 19989 04/12/2019 04/07/2012 Text Books    
    Dewey Decimal Classification     MBA PIET C-LIBRARY PIET C-LIBRARY 11/07/2012 IBH, New Delhi 375.00 4894   658 KOE 19990 04/12/2019 04/07/2012 Text Books    
    Dewey Decimal Classification     MBA PIET C-LIBRARY PIET C-LIBRARY 11/07/2012 IBH, New Delhi 375.00 4894   658 KOE 19991 04/12/2019 04/07/2012 Text Books    
    Dewey Decimal Classification     MBA PIET C-LIBRARY PIET C-LIBRARY 11/07/2012 IBH, New Delhi 375.00 4894   658 KOE 19992 04/12/2019 04/07/2012 Text Books    
    Dewey Decimal Classification     MBA PIET C-LIBRARY PIET C-LIBRARY 11/07/2012 IBH, New Delhi 375.00 4894   658 KOE 19993 04/12/2019 04/07/2012 Text Books    
    Dewey Decimal Classification     MBA PIET C-LIBRARY PIET C-LIBRARY 11/07/2012 IBH, New Delhi 375.00 4894   658 KOE 19994 04/12/2019 04/07/2012 Text Books    
    Dewey Decimal Classification     MBA PIET C-LIBRARY PIET C-LIBRARY 11/07/2012 IBH, New Delhi 375.00 4894   658 KOE 19995 04/12/2019 04/07/2012 Text Books    
    Dewey Decimal Classification     MBA PIET C-LIBRARY PIET C-LIBRARY 09/12/2022 International Book Centre 845.00 IB/IN/851   658 KOE 34313 11/02/2023 09/12/2022 Reference Books IN Rupees 583.05

Design & Developed by: PIET Central Library
R70 Miles Stone Pattikalyana Samalkha Panipat 132102
mail ID :- [email protected], Phone No:- 0180-2569700 Ex.216